00369nam a22001337a 450000500170000000800410001704100120005808200120007010000130008224500400009526000460013530000280018165000260020920240701122637.0240701b |||||||| |||| 00| 0 eng d aEnglish a349 ANN lEnglish  aAnnual Survey of South African Law  aCape Town: bJuta and Company Ltd, c1974 bxl, 487 pages; c23 cm  aLegal practice bLaw